000 00297nam a22001337a 4500
008 170502b xxu||||| |||| 00| 0 eng d
020 _a9781576074329
041 _aeng
080 _22ND
_a34
100 _a13
101 _aSHJ
245 _aCAPITAL PUNISHMENT
_cKRONENWETTER, M
942 _2udc
_cBK
999 _c12332
_d12332